AH International Schools' Libraries

The gingerbread man / (Record no. 49781)

MARC details
000 -LEADER
fixed length control field 00942nam a2200265 4500
008 - FIXED-LENGTH DATA ELEMENTS--GENERAL INFORMATION
fixed length control field 100820r20111999enka j 000 1 eng d
015 ## - NATIONAL BIBLIOGRAPHY NUMBER
National bibliography number GBB0B0823
Source bnb
020 ## - INTERNATIONAL STANDARD BOOK NUMBER
International Standard Book Number 9781409306306 (hbk.) :
Terms of availability £3.99
020 ## - INTERNATIONAL STANDARD BOOK NUMBER
International Standard Book Number 1409306305 (hbk.) :
Terms of availability £3.99
040 ## - CATALOGING SOURCE
Original cataloging agency StDuBDS
Language of cataloging eng
Transcribing agency StDuBDS
Modifying agency Uk
042 ## - AUTHENTICATION CODE
Authentication code ukblcatcopy
082 04 - DEWEY DECIMAL CLASSIFICATION NUMBER
Classification number 823.92
Edition number 22
100 1# - MAIN ENTRY--PERSONAL NAME
Personal name MacDonald, Alan,
Relator term author.
9 (RLIN) 34853
245 14 - TITLE STATEMENT
Title The gingerbread man /
Statement of responsibility, etc based on a traditional folktale ; retold by Alan MacDonald ; illustrated by Anja Rieger.
260 ## - PUBLICATION, DISTRIBUTION, ETC. (IMPRINT)
Place of publication, distribution, etc London :
Name of publisher, distributor, etc Ladybird,
Date of publication, distribution, etc 2011.
300 ## - PHYSICAL DESCRIPTION
Extent [26] p. :
Other physical details chiefly col. ill. ;
Dimensions 19 cm.
490 ## - SERIES STATEMENT
Series statement Ladybird first favourite tales
500 ## - GENERAL NOTE
General note Originally published: 1999.
500 ## - GENERAL NOTE
General note Formerly CIP.
Institution to which field applies Uk
655 ## - INDEX TERM--GENRE/FORM
Genre/form data or focus term Fairy tales.
9 (RLIN) 21974
655 #7 - INDEX TERM--GENRE/FORM
Genre/form data or focus term Children's stories
Form subdivision Pictorial works.
Source of term gsafd
700 1# - ADDED ENTRY--PERSONAL NAME
Personal name Rieger, Anja.
9 (RLIN) 39071
942 ## - ADDED ENTRY ELEMENTS (KOHA)
Source of classification or shelving scheme
Koha item type Book
Holdings
Withdrawn status Lost status Source of classification or shelving scheme Damaged status Not for loan Home library Current library Date acquired Total Checkouts Full call number Barcode Date last seen Date checked out Price effective from Koha item type Public note
          Logos International School Logos International School 11/18/2025 1 X MAC 041969 11/27/2025 11/20/2025 11/18/2025 Book Basket 29

For any Logos Library related questions please contact Miss Art at swongnarasuk@asianhope.org.

For any Asian Hope Library related questions please contact Miss Raza at graza@asianhope.org.

Click here to explore our ebooks!

Powered by Koha